[Event "IX EICC"]
[Site "Plovdiv BUL"]
[Date "2008.04.29"]
[Round "8"]
[White "Riazantsev, A."]
[Black "Zhigalko, S."]
[Result "1/2-1/2"]
[WhiteElo "2638"]
[BlackElo "2568"]
[PlyCount "84"]
[EventDate "2008.04.21"]
[SourceDate "1999.07.01"]

1. d4 Nf6 2. c4 e6 3. Nf3 b6 4. g3 Ba6 5. Qb3 Nc6 6. Nbd2 Na5 7. Qc3 c5 8. dxc5
bxc5 9. e4 Bb7 10. e5 Ne4 11. Nxe4 Bxe4 12. Bg2 Nc6 13. O-O Rb8 14. Re1 Bxf3
15. Bxf3 Nd4 16. Bg2 Be7 17. Rb1 Qb6 18. Be3 O-O 19. Qd3 a5 20. Be4 g6 21. Red1
Rfd8 22. Qa3 d5 23. exd6 Bxd6 24. Bd2 Bc7 25. Bg5 Re8 26. Bf6 Bd8 27. Bxd4 cxd4
28. c5 Qb5 29. Rxd4 Be7 30. b4 axb4 31. Rdxb4 Qxc5 32. Rxb8 Qxa3 33. Rxe8+ Kg7
34. Ra8 Qc3 35. Bg2 Bc5 36. Rf1 f5 37. Rb8 h5 38. Rbb1 Qc2 39. a3 e5 40. Rb7+
Kf6 41. h4 e4 42. Rd7 Bxa3 1/2-1/2

[Event "IX EICC"]
[Site "Plovdiv BUL"]
[Date "2008.04.29"]
[Round "8"]
[White "Golod, V."]
[Black "Zhigalko, A."]
[Result "1-0"]
[WhiteElo "2606"]
[BlackElo "2545"]
[PlyCount "115"]
[EventDate "2008.04.21"]
[SourceDate "1999.07.01"]

1. d4 Nf6 2. c4 e6 3. Nf3 b6 4. a3 Bb7 5. Nc3 d5 6. cxd5 Nxd5 7. Qc2 Nxc3 8.
bxc3 Be7 9. e4 O-O 10. Bd3 c5 11. O-O Qc7 12. Qe2 Nd7 13. e5 Rfd8 14. h4 Nf8
15. h5 h6 16. Be3 Rac8 17. Nd2 cxd4 18. cxd4 f5 19. f4 Qd7 20. Kh2 Rc3 21. Rg1
Bc5 22. Nb1 Rb3 23. Nd2 Rc3 24. Nb1 Rb3 25. Nd2 Rb2 26. dxc5 Qxd3 27. Qxd3 Rxd3
28. Nc4 Rc2 29. Rac1 Rdc3 30. Nd6 Bc6 31. cxb6 axb6 32. Bd2 Rxc1 33. Rxc1 Rxc1
34. Bxc1 g6 35. Nc8 Kf7 36. hxg6+ Nxg6 37. Nxb6 Ke8 38. a4 Kd8 39. a5 Kc7 40.
Nc4 Nh4 41. Ne3 Ng6 42. Nc2 Kb7 43. Kh3 h5 44. Bd2 Ka6 45. Nd4 Bd5 46. Ne2 Bb3
47. Nd4 Bd5 48. Kg3 Ne7 49. Kh4 Nc6 50. Nf3 Bxf3 51. gxf3 Kb5 52. Kxh5 Nb8 53.
Kg6 Kc6 54. Kf7 Kd7 55. Bb4 Nc6 56. a6 Na7 57. Bc5 Nb5 58. a7 1-0

[Event "IX EICC"]
[Site "Plovdiv BUL"]
[Date "2008.04.30"]
[Round "9"]
[White "Ivanisevic, I."]
[Black "Markus, Rob"]
[Result "1-0"]
[WhiteElo "2649"]
[BlackElo "2557"]
[PlyCount "181"]
[EventDate "2008.04.21"]
[SourceDate "1999.07.01"]

1. d4 Nf6 2. Nf3 e6 3. c4 b6 4. g3 Ba6 5. Nbd2 Bb7 6. Bg2 Be7 7. e4 Nxe4 8. Ne5
d5 9. cxd5 Nd6 10. Qa4+ b5 11. Qb3 O-O 12. O-O Bxd5 13. Bxd5 exd5 14. Qxd5 c6
15. Qf3 Qb6 16. Nb3 f6 17. Nd3 Na6 18. Nbc5 Rfc8 19. Qg4 Bf8 20. Bf4 Nf7 21.
Ne6 Qb7 22. Rfe1 Re8 23. Rad1 Qc8 24. Re3 Nd8 25. Rde1 g6 26. Qe2 Nxe6 27. Rxe6
Rxe6 28. Qxe6+ Kg7 29. a3 g5 30. Bd2 Qxe6 31. Rxe6 Rc8 32. Bc3 Nb8 33. f4 gxf4
34. Nxf4 Kf7 35. Kg2 Nd7 36. d5 cxd5 37. Ra6 Bc5 38. Nxd5 Bb6 39. Nxb6 axb6 40.
Kf3 Ke6 41. Kg4 Rc5 42. Ra8 h5+ 43. Kh4 Kf7 44. Rd8 Rd5 45. Rc8 Kg6 46. Rc6 Kf7
47. Kh3 Kg6 48. Kg2 Kf5 49. Kf3 Rd3+ 50. Ke2 Rd5 51. h3 Kg6 52. Ke3 Kf5 53. Rc8
Ne5 54. Rh8 Nc4+ 55. Ke2 Kg6 56. Kf3 Rd3+ 57. Ke4 Rd1 58. Rg8+ Kf7 59. Rb8 Rd6
60. b3 Re6+ 61. Kf4 Ne3 62. Bd4 Nd5+ 63. Kf3 Kg6 64. Rg8+ Kf7 65. Rd8 Ne7 66.
Rd7 Ke8 67. Rb7 Rd6 68. Bxb6 Rd3+ 69. Ke4 Rxb3 70. Bc5 Ng6 71. Bd6 h4 72. Rg7
Ne5 73. gxh4 Rxh3 74. Kf5 Nf7 75. Bg3 Ke7 76. Be1 Rf3+ 77. Kg6 Rf1 78. Rxf7+
Ke8 79. Rb7 Rxe1 80. h5 Kf8 81. h6 Rg1+ 82. Kxf6 Rf1+ 83. Ke6 Kg8 84. Rxb5 Ra1
85. Rb3 Rh1 86. a4 Rxh6+ 87. Kd7 Rh7+ 88. Kc6 Rh6+ 89. Kb7 Rh5 90. Rb5 Rh7+ 91.
Kb8 1-0

[Event "IX EICC"]
[Site "Plovdiv BUL"]
[Date "2008.05.01"]
[Round "10"]
[White "Grachev, B."]
[Black "Khalifman, A."]
[Result "1/2-1/2"]
[WhiteElo "2610"]
[BlackElo "2628"]
[PlyCount "26"]
[EventDate "2008.04.21"]
[SourceDate "1999.07.01"]

1. d4 Nf6 2. c4 e6 3. Nf3 b6 4. g3 Ba6 5. Nbd2 Bb7 6. Bg2 Be7 7. O-O O-O 8. b3
c5 9. Bb2 cxd4 10. Nxd4 Bxg2 11. Kxg2 Qc7 12. e3 Nc6 13. Nxc6 Qxc6+ 1/2-1/2

[Event "IX EICC"]
[Site "Plovdiv BUL"]
[Date "2008.05.01"]
[Round "10"]
[White "Golod, V."]
[Black "Efimenko, Z."]
[Result "1/2-1/2"]
[WhiteElo "2606"]
[BlackElo "2660"]
[PlyCount "90"]
[EventDate "2008.04.21"]
[SourceDate "1999.07.01"]

1. d4 Nf6 2. c4 e6 3. Nf3 b6 4. a3 Ba6 5. Qb3 Be7 6. Nc3 d5 7. cxd5 Nxd5 8.
Nxd5 exd5 9. Bf4 O-O 10. Rd1 Bc4 11. Qc2 Bd6 12. Bg3 Nc6 13. e3 Bxf1 14. Kxf1
Ne7 15. Rd2 h6 16. Ke2 c5 17. dxc5 bxc5 18. Rhd1 Bxg3 19. hxg3 Qb6 20. Kf1 Rac8
21. e4 d4 22. Ne5 Qe6 23. Nc4 f5 24. exf5 Nxf5 25. Kg1 Rce8 26. Rd3 Qe4 27. Rc1
Qd5 28. Rf3 Ne7 29. Rxf8+ Rxf8 30. Qd3 Nc6 31. Re1 Kh8 32. f4 Kg8 33. Re2 Kh8
34. Re1 Qd7 35. Ne5 Nxe5 36. Rxe5 Rc8 37. Qc4 Qb7 38. b3 Rd8 39. Qd3 Qc7 40.
Kh2 Qd6 41. g4 Qd7 42. Kh3 Re8 43. Qf5 Rd8 44. Qd3 Re8 45. Qf5 Rd8 1/2-1/2

[Event "26th Metz Open"]
[Site "Metz St Symphorien FRA"]
[Date "2008.04.26"]
[Round "8"]
[White "Lalic, B."]
[Black "Epishin, V."]
[Result "1/2-1/2"]
[WhiteElo "2514"]
[BlackElo "2566"]
[PlyCount "39"]
[EventDate "2008.04.19"]
[SourceDate "1999.07.01"]

1. d4 Nf6 2. c4 e6 3. Nf3 b6 4. g3 Ba6 5. b3 Bb4+ 6. Bd2 Be7 7. Bg2 c6 8. Bc3
d5 9. Nbd2 Nbd7 10. O-O O-O 11. Re1 Bb7 12. e4 Nxe4 13. Nxe4 dxe4 14. Rxe4 c5
15. Re3 Bf6 16. dxc5 Bxc3 17. Rxc3 Nxc5 18. Qe2 Qf6 19. Ne5 Bxg2 20. Kxg2
1/2-1/2

[Event "IX EICC"]
[Site "Plovdiv BUL"]
[Date "2008.04.21"]
[Round "1"]
[White "Saric, A."]
[Black "Tomashevsky, E."]
[Result "1/2-1/2"]
[WhiteElo "2505"]
[BlackElo "2658"]
[PlyCount "100"]
[EventDate "2008.04.21"]
[SourceDate "1999.07.01"]

1. d4 Nf6 2. c4 e6 3. Nf3 b6 4. g3 Ba6 5. Qa4 Bb7 6. Bg2 c5 7. dxc5 bxc5 8. O-O
Be7 9. Nc3 O-O 10. Rd1 Qb6 11. Bf4 Rd8 12. Rd2 d6 13. Rad1 h6 14. Qb3 Ne8 15.
e4 Qxb3 16. axb3 g5 17. Be3 Na6 18. e5 g4 19. Ne1 Bxg2 20. Kxg2 dxe5 21. Rxd8
Bxd8 22. Nd3 h5 23. Nxe5 Bf6 24. Nd7 Rc8 25. Ra1 Rc6 26. Nxf6+ Nxf6 27. Nb5 Nb4
28. Nxa7 Rc7 29. Nb5 Rc6 30. Ra8+ Kg7 31. Rd8 Nc2 32. Kf1 Nxe3+ 33. fxe3 Ra6
34. Na3 Ne4 35. Ke2 f5 36. Rb8 Kf6 37. b4 cxb4 38. Rxb4 Ra8 39. Nb1 Ra1 40. Nd2
Rh1 41. Nxe4+ fxe4 42. Rb5 Rxh2+ 43. Kf1 Rc2 44. b3 e5 45. Rb6+ Kg5 46. Re6 h4
47. Rxe5+ Kf6 48. Rxe4 h3 49. Kg1 Rc1+ 50. Kh2 Rc2+ 1/2-1/2

[Event "IX EICC"]
[Site "Plovdiv BUL"]
[Date "2008.04.22"]
[Round "2"]
[White "Efimenko, Z."]
[Black "Zhigalko, S."]
[Result "1/2-1/2"]
[WhiteElo "2660"]
[BlackElo "2568"]
[PlyCount "41"]
[EventDate "2008.04.21"]
[SourceDate "1999.07.01"]

1. d4 Nf6 2. c4 e6 3. Nf3 b6 4. Nc3 Bb7 5. Bg5 h6 6. Bh4 Be7 7. e3 O-O 8. Bd3
c5 9. O-O cxd4 10. exd4 d5 11. Qe2 dxc4 12. Bxc4 Nc6 13. Rfd1 Nb4 14. Rac1 Nbd5
15. Bg3 Nxc3 16. bxc3 Ne4 17. Bd3 Nxg3 18. hxg3 Rc8 19. c4 Bxf3 20. Qxf3 Qc7
21. Be4 1/2-1/2

[Event "IX EICC"]
[Site "Plovdiv BUL"]
[Date "2008.04.23"]
[Round "3"]
[White "Ivanisevic, I."]
[Black "Anastasian, A."]
[Result "1-0"]
[WhiteElo "2649"]
[BlackElo "2560"]
[PlyCount "67"]
[EventDate "2008.04.21"]
[SourceDate "1999.07.01"]

1. d4 Nf6 2. Nf3 e6 3. c4 b6 4. g3 Ba6 5. Nbd2 Bb4 6. Qc2 Bb7 7. Bg2 O-O 8. O-O
Bxd2 9. Bxd2 Be4 10. Qa4 d6 11. Rfd1 Nbd7 12. Rac1 a6 13. Qa3 a5 14. Bh3 h6 15.
Ne1 c5 16. Bf4 Ne8 17. Qe3 Ndf6 18. f3 Bh7 19. Qd2 Qb8 20. Be3 e5 21. dxe5 dxe5
22. Ng2 e4 23. Bf4 Qb7 24. Ne3 Qe7 25. Qc3 Rd8 26. Qe5 Rxd1+ 27. Rxd1 Qb7 28.
Kf2 exf3 29. exf3 Qc6 30. Qe7 Qa4 31. Rd8 Qxa2 32. Bd6 Qxb2+ 33. Kg1 Qc1+ 34.
Nf1 1-0

[Event "IX EICC"]
[Site "Plovdiv BUL"]
[Date "2008.04.24"]
[Round "4"]
[White "Riazantsev, A."]
[Black "Parligras, M."]
[Result "1/2-1/2"]
[WhiteElo "2638"]
[BlackElo "2561"]
[PlyCount "81"]
[EventDate "2008.04.21"]
[SourceDate "1999.07.01"]

1. d4 Nf6 2. c4 e6 3. Nf3 b6 4. a3 Bb7 5. Nc3 d5 6. Bg5 dxc4 7. e4 Be7 8. Bxf6
Bxf6 9. e5 Be7 10. Bxc4 O-O 11. O-O c5 12. d5 b5 13. Nxb5 Bxd5 14. Bxd5 exd5
15. Nd6 Nc6 16. Nf5 Qd7 17. Qc2 Rac8 18. Rad1 Rfd8 19. Rfe1 Qe6 20. Nxe7+ Nxe7
21. Ng5 Qf5 22. Qxf5 Nxf5 23. e6 fxe6 24. Nxe6 Rd7 25. Re5 Ne7 26. g3 h6 27. h4
Kf7 28. Rde1 c4 29. Nd4 c3 30. bxc3 Rxc3 31. Nb5 Rc6 32. h5 Ng8 33. Nd4 Rc3 34.
a4 Rc4 35. Nf3 Rxa4 36. Rf5+ Nf6 37. Ne5+ Ke6 38. Nxd7+ Kxf5 39. Re5+ Kg4 40.
Kg2 Ra2 41. Nxf6+ 1/2-1/2

[Event "IX EICC"]
[Site "Plovdiv BUL"]
[Date "2008.04.25"]
[Round "5"]
[White "Shomoev, A."]
[Black "Socko, B."]
[Result "0-1"]
[WhiteElo "2559"]
[BlackElo "2644"]
[PlyCount "62"]
[EventDate "2008.04.21"]
[SourceDate "1999.07.01"]

1. d4 Nf6 2. c4 e6 3. Nf3 b6 4. g3 Ba6 5. b3 Bb4+ 6. Bd2 Be7 7. Nc3 d5 8. cxd5
exd5 9. Bg2 O-O 10. O-O Nbd7 11. Bf4 Bb7 12. Qc2 Nh5 13. Bc1 Nhf6 14. Bb2 a6
15. Rfd1 Bd6 16. Rac1 Re8 17. e3 Qe7 18. Na4 Ne4 19. Ne5 f6 20. Nc6 Qe6 21. b4
Bf8 22. Nc3 Qxc6 23. Nxe4 Qxc2 24. Rxc2 dxe4 25. Rxc7 Bc8 26. d5 Bd6 27. Rc6
Bxb4 28. d6 Nf8 29. Rc4 Bc5 30. Bxe4 Ra7 31. Bb1 Be6 0-1

[Event "IX EICC"]
[Site "Plovdiv BUL"]
[Date "2008.04.27"]
[Round "7"]
[White "Fressinet, L."]
[Black "Anastasian, A."]
[Result "1-0"]
[WhiteElo "2656"]
[BlackElo "2560"]
[PlyCount "85"]
[EventDate "2008.04.21"]
[SourceDate "1999.07.01"]

1. d4 Nf6 2. Nf3 e6 3. c4 b6 4. g3 Ba6 5. Qb3 c5 6. d5 exd5 7. cxd5 d6 8. Bg2
g6 9. O-O Bg7 10. Qe3+ Kf8 11. Nc3 Nbd7 12. Qf4 Qc7 13. Qa4 Qb7 14. Bf4 Ne8 15.
Ne4 b5 16. Qa3 b4 17. Qe3 Qb6 18. a3 b3 19. Nfg5 Ndf6 20. Bh3 Nxe4 21. Nxe4 h6
22. Qf3 Kg8 23. Bd7 Nf6 24. Nxf6+ Bxf6 25. Bc6 Rd8 26. Bd2 Bg7 27. Bc3 Bxc3 28.
Qxc3 Bb5 29. Bxb5 Qxb5 30. e4 Kh7 31. Rfe1 Rhe8 32. Re3 a5 33. Rae1 a4 34. h4
h5 35. e5 dxe5 36. Rxe5 Rxe5 37. Rxe5 Qb6 38. Re7 Rf8 39. Qe5 c4 40. Rc7 Qb5
41. Qd4 Qa5 42. Rxc4 Re8 43. Rxa4 1-0

[Event "TCh-RUS Major League"]
[Site "Dagomys RUS"]
[Date "2008.04.03"]
[Round "1"]
[White "Korotylev, A."]
[Black "Ionov, S."]
[Result "1/2-1/2"]
[WhiteElo "2606"]
[BlackElo "2530"]
[PlyCount "144"]
[EventDate "2008.04.02"]
[SourceDate "1999.07.01"]

1. d4 Nf6 2. c4 e6 3. Nf3 b6 4. Nc3 Bb4 5. Qb3 c5 6. Bg5 Bb7 7. e3 O-O 8. a3
Ba5 9. Rd1 h6 10. Bh4 Qe7 11. Be2 cxd4 12. Rxd4 e5 13. Bxf6 Qxf6 14. Rd1 Na6
15. O-O Nc5 16. Qc2 Bxc3 17. Qxc3 d6 18. Nd2 Qe7 19. b4 Nd7 20. Qb3 Nf6 21. Nb1
Rac8 22. Nc3 Rfd8 23. Rd2 Qc7 24. Rfd1 Ba6 25. b5 Bb7 26. Qb4 a5 27. bxa6 Bxa6
28. Rxd6 Rxd6 29. Rxd6 Bxc4 30. h3 Bxe2 31. Nxe2 b5 32. Ng3 Qc1+ 33. Kh2 Qc2
34. Rd2 Qc4 35. Qb2 Qc5 36. Nf5 Kh7 37. Nd6 Rd8 38. Qb1+ e4 39. Nxe4 Nxe4 40.
Rxd8 Qc7+ 41. g3 Qxd8 42. Qxe4+ g6 43. Qb7 Qe8 44. Kg2 h5 45. Qd5 Qe7 46. Qb3
Kg8 47. Qb4 Qd7 48. e4 Qd3 49. g4 Qe2 50. gxh5 Qxh5 51. Qd2 Qc5 52. Qd3 Qg5+
53. Qg3 Qc5 54. Qf3 Qg5+ 55. Qg4 Qe7 56. Qc8+ Kh7 57. Qc6 Qxa3 58. Qxb5 Qe7 59.
Qd5 Qf6 60. h4 Kg8 61. Kg3 Qe7 62. Kg2 Qf6 63. Qg5 Qd4 64. Qf4 Kg7 65. f3 Qb2+
66. Kg3 Qd4 67. h5 gxh5 68. Qg5+ Kf8 69. Qxh5 Ke7 70. Qg5+ Kf8 71. e5 Qb2 72.
Kg4 Qg2+ 1/2-1/2

[Event "TCh-RUS Major League"]
[Site "Dagomys RUS"]
[Date "2008.04.04"]
[Round "2"]
[White "Miroshnichenko, E."]
[Black "Zakhartsov, Vi"]
[Result "1-0"]
[WhiteElo "2642"]
[BlackElo "2580"]
[PlyCount "105"]
[EventDate "2008.04.02"]
[SourceDate "1999.07.01"]

1. d4 Nf6 2. c4 e6 3. Nf3 b6 4. g3 Ba6 5. Qb3 Nc6 6. Nbd2 Na5 7. Qc3 c5 8. dxc5
bxc5 9. e4 Bb7 10. e5 Ne4 11. Nxe4 Bxe4 12. Bg2 Be7 13. O-O O-O 14. Re1 Bb7 15.
Bf4 Qb6 16. Rad1 Rad8 17. Rd3 Bxf3 18. Bxf3 Nc6 19. Bxc6 dxc6 20. Red1 Rxd3 21.
Rxd3 Rd8 22. b3 Rxd3 23. Qxd3 Qd8 24. Qxd8+ Bxd8 25. Be3 Be7 26. Kg2 Kf8 27.
Kf3 Ke8 28. Ke4 Kd7 29. f4 h5 30. h3 a6 31. g4 hxg4 32. hxg4 g6 33. Bf2 Kc8 34.
f5 gxf5+ 35. gxf5 exf5+ 36. Kxf5 Kd7 37. Be3 Bh4 38. Bxc5 Bd8 39. b4 Bh4 40.
Be3 Be7 41. a3 Bh4 42. Bg5 Be1 43. Kf6 Bc3 44. Be3 Ke8 45. Bc5 Be1 46. a4 Bh4+
47. Kg7 Bg3 48. Bd4 Ke7 49. b5 cxb5 50. axb5 axb5 51. cxb5 Ke6 52. b6 Kd5 53.
Kxf7 1-0

[Event "TCh-RUS Major League"]
[Site "Dagomys RUS"]
[Date "2008.04.05"]
[Round "3"]
[White "Zontakh, A."]
[Black "Korotylev, A."]
[Result "1/2-1/2"]
[WhiteElo "2573"]
[BlackElo "2606"]
[PlyCount "34"]
[EventDate "2008.04.02"]
[SourceDate "1999.07.01"]

1. d4 Nf6 2. c4 e6 3. Nf3 b6 4. g3 Bb7 5. Bg2 Be7 6. Nc3 O-O 7. Qc2 c5 8. d5
exd5 9. cxd5 Na6 10. Nh4 Ne8 11. Nf5 Bg5 12. O-O Bxc1 13. Qxc1 d6 14. Qf4 Nac7
15. a4 g6 16. Ne3 Nf6 17. Rfd1 Ba6 1/2-1/2

[Event "TCh-RUS Major League"]
[Site "Dagomys RUS"]
[Date "2008.04.06"]
[Round "4"]
[White "Brodsky, M."]
[Black "Chernyshov, K."]
[Result "1/2-1/2"]
[WhiteElo "2549"]
[BlackElo "2550"]
[PlyCount "64"]
[EventDate "2008.04.02"]
[SourceDate "1999.07.01"]

1. d4 Nf6 2. c4 e6 3. Nf3 b6 4. g3 Bb7 5. Bg2 Be7 6. O-O O-O 7. Re1 Na6 8. Ne5
Bxg2 9. Kxg2 c6 10. e4 Qc8 11. Nc3 Qb7 12. Nf3 b5 13. c5 Ne8 14. Bf4 b4 15. Na4
f5 16. Nd2 fxe4 17. Nxe4 Nac7 18. Be5 Nd5 19. Rc1 Nef6 20. f3 Qc8 21. Nd6 Qa6
22. b3 Bxd6 23. Bxd6 Rf7 24. Qe2 Qa5 25. Qd2 Ne8 26. Be5 Nec7 27. a3 Nb5 28.
axb4 Qxb4 29. Qxb4 Nxb4 30. Re3 Nd5 31. Rd3 Raf8 32. Nb2 Nb4 1/2-1/2

[Event "TCh-RUS Major League"]
[Site "Dagomys RUS"]
[Date "2008.04.11"]
[Round "9"]
[White "Brodsky, M."]
[Black "Kryvoruchko, Y."]
[Result "1/2-1/2"]
[WhiteElo "2549"]
[BlackElo "2612"]
[PlyCount "31"]
[EventDate "2008.04.02"]
[SourceDate "1999.07.01"]

1. d4 Nf6 2. c4 e6 3. Nf3 b6 4. g3 Bb7 5. Bg2 Be7 6. O-O O-O 7. Re1 a5 8. Bf4
d5 9. cxd5 Nxd5 10. Bd2 c5 11. Nc3 Nc6 12. e4 Nxc3 13. Bxc3 cxd4 14. Nxd4 Nxd4
15. Qxd4 Qxd4 16. Bxd4 1/2-1/2

[Event "TCh-RUS w"]
[Site "Dagomys RUS"]
[Date "2008.04.10"]
[Round "8"]
[White "Stefanova, A."]
[Black "Zhao Xue"]
[Result "1/2-1/2"]
[WhiteElo "2538"]
[BlackElo "2523"]
[PlyCount "44"]
[EventDate "2008.04.02"]
[SourceDate "1999.07.01"]

1. d4 Nf6 2. c4 e6 3. Nf3 b6 4. a3 Bb7 5. Nc3 d5 6. cxd5 Nxd5 7. Qa4+ Qd7 8.
Qc2 Nxc3 9. Qxc3 Bd6 10. g3 O-O 11. Bg2 Na6 12. O-O c5 13. Be3 Bd5 14. Ng5 Be7
15. Bxd5 Qxd5 16. Nf3 cxd4 17. Bxd4 Rac8 18. Qe3 Nc5 19. Rad1 Qb7 20. h4 Rfd8
21. Ng5 h6 22. Nh3 Qc7 1/2-1/2

[Event "TCh-FRA Top 16 Gp B"]
[Site "Montpellier FRA"]
[Date "2008.04.11"]
[Round "5"]
[White "Bologan, V."]
[Black "Sasikiran, K."]
[Result "1/2-1/2"]
[WhiteElo "2663"]
[BlackElo "2677"]
[PlyCount "140"]
[EventDate "2008.04.10"]
[SourceDate "1999.07.01"]

1. d4 Nf6 2. c4 e6 3. Nf3 b6 4. g3 Ba6 5. b3 d5 6. cxd5 exd5 7. Bg2 Bd6 8. O-O
O-O 9. Nc3 Nbd7 10. Qc2 Re8 11. Rd1 Rc8 12. Bh3 h6 13. Bb2 c6 14. a4 Rc7 15. e3
Bc8 16. a5 b5 17. Bg2 a6 18. Na2 Nf8 19. Nc1 Qe7 20. Nd3 Bf5 21. Qe2 Ne4 22.
Rdc1 f6 23. b4 Ne6 24. Nc5 Bxc5 25. dxc5 Bg4 26. h3 Bxf3 27. Bxf3 N6g5 28. Bg2
f5 29. Kh2 Qf7 30. Rf1 Rce7 31. Rae1 Qg6 32. Rg1 Nh7 33. Bh1 Nhf6 34. f3 Ng5
35. h4 Nf7 36. Bg2 Ne5 37. Bd4 Qh5 38. Rh1 Rf7 39. Ref1 Nc4 40. Qd3 Rfe7 41.
Bh3 Nxe3 42. Rf2 f4 43. Rg1 fxg3+ 44. Kxg3 Qf7 45. Kh2 Nh5 46. f4 Re4 47. Bxe3
Rxe3 48. Qg6 Qxg6 49. Rxg6 Re2 50. Rgg2 Rxf2 51. Rxf2 Nf6 52. Bf5 Kf8 53. Kg2
Re7 54. Kf3 d4 55. Rd2 Re3+ 56. Kf2 Rb3 57. Rxd4 Nd5 58. Be4 Rb2+ 59. Kf3 Rxb4
60. Rxb4 Nxb4 61. Ke3 Ke7 62. Kd4 Ke6 63. h5 Nd5 64. f5+ Kd7 65. Bf3 Nf6 66.
Ke5 Nd5 67. Kd4 Nc7 68. Ke5 Ne8 69. Kd4 Nf6 70. Ke5 Nd5 1/2-1/2

[Event "10th Open"]
[Site "Dubai UAE"]
[Date "2008.04.08"]
[Round "3"]
[White "Pantsulaia, L."]
[Black "So, W."]
[Result "0-1"]
[WhiteElo "2617"]
[BlackElo "2540"]
[PlyCount "96"]
[EventDate "2008.04.07"]
[SourceDate "1999.07.01"]

1. d4 Nf6 2. c4 e6 3. Nf3 b6 4. g3 Ba6 5. Qc2 c5 6. d5 exd5 7. cxd5 Bb7 8. Bg2
Nxd5 9. O-O Be7 10. Qe4 Bc6 11. Ne5 Nf6 12. Nxc6 Nxc6 13. Qa4 O-O 14. Nc3 a6
15. Bxc6 dxc6 16. Qxc6 b5 17. Bf4 Qc8 18. Qf3 Qe6 19. e4 Rad8 20. Rfe1 Rfe8 21.
Rad1 Rxd1 22. Rxd1 Bf8 23. e5 Nd7 24. Qb7 Nxe5 25. Bxe5 Qxe5 26. Qxa6 b4 27.
Na4 g6 28. Qc4 Qh5 29. Rf1 Qf3 30. Nb6 Rd8 31. Qc2 Bg7 32. Nc4 Bd4 33. Na5 Qa8
34. Nb3 Qxa2 35. Nxd4 cxd4 36. Rd1 d3 37. Qd2 Qc4 38. Rc1 Qe4 39. Re1 Qd4 40.
h4 h5 41. Rd1 Re8 42. Qf4 Qxb2 43. Qd6 Re2 44. Qb6 b3 45. Kg2 Qc2 46. Ra1 b2
47. Ra8+ Kh7 48. Rb8 b1=Q 0-1

[Event "10th Open"]
[Site "Dubai UAE"]
[Date "2008.04.09"]
[Round "4"]
[White "Arutinian, D."]
[Black "Ibrahimov, R."]
[Result "1/2-1/2"]
[WhiteElo "2593"]
[BlackElo "2535"]
[PlyCount "27"]
[EventDate "2008.04.07"]
[SourceDate "1999.07.01"]

1. d4 Nf6 2. c4 e6 3. Nf3 b6 4. Nc3 Bb7 5. a3 d5 6. cxd5 Nxd5 7. e3 g6 8. Bb5+
c6 9. Bd3 Bg7 10. Na4 Nd7 11. e4 Ne7 12. O-O O-O 13. Be3 e5 14. dxe5 1/2-1/2

[Event "10th Open"]
[Site "Dubai UAE"]
[Date "2008.04.12"]
[Round "6"]
[White "Gagunashvili, M."]
[Black "So, W."]
[Result "1-0"]
[WhiteElo "2553"]
[BlackElo "2540"]
[PlyCount "149"]
[EventDate "2008.04.07"]
[SourceDate "1999.07.01"]

1. d4 Nf6 2. c4 e6 3. Nf3 b6 4. g3 Ba6 5. Nbd2 Bb4 6. Qc2 Bb7 7. Bg2 Be4 8. Qb3
Bxd2+ 9. Bxd2 O-O 10. O-O d6 11. Rfd1 Nbd7 12. Rac1 Qe7 13. Qa3 a5 14. Be1 c5
15. Nh4 Bxg2 16. Nxg2 Rac8 17. Ne3 Rfe8 18. Rd3 d5 19. cxd5 exd5 20. dxc5 Nxc5
21. Rdd1 Qe6 22. Bc3 Ng4 23. Bd4 h5 24. Ng2 g5 25. h3 Ne5 26. h4 gxh4 27. Nxh4
Ng6 28. Nxg6 fxg6 29. Qe3 Qxe3 30. Bxe3 Red8 31. Rd4 Kf7 32. Rcd1 Ke6 33. f3
Rd7 34. Kf2 Na6 35. Rf4 b5 36. Bd4 Rf7 37. Rxf7 Kxf7 38. Bb6 Ke6 39. Bxa5 b4
40. Bb6 Rc2 41. Rb1 Rc6 42. Bd4 Nc7 43. a4 Kd6 44. Ke3 Ne6 45. Bf6 Rc2 46. Rd1
Nc5 47. a5 Kc6 48. Be7 b3 49. Rd2 Rc4 50. Bxc5 Kxc5 51. Rd3 d4+ 52. Kf2 Rb4 53.
f4 Kc4 54. Kf3 Rb8 55. Rd1 Ra8 56. Ra1 Ra6 57. Ra3 Kb4 58. Ke4 Kc5 59. Kd3 Kd5
60. Ra4 Kc5 61. Rc4+ Kb5 62. Rxd4 Rc6 63. Rd5+ Kb4 64. a6 Rxa6 65. Rd4+ Kc5 66.
Kc3 Ra1 67. Rd3 g5 68. fxg5 Ra4 69. Kxb3 Rg4 70. Kc3 Rxg5 71. b4+ Kc6 72. e4
Rg8 73. Kd4 Kb5 74. e5 Kc6 75. Ke4 1-0

[Event "FKB ch-USA Qualifier"]
[Site "Tulsa USA"]
[Date "2008.03.29"]
[Round "4"]
[White "Yermolinsky, A."]
[Black "Ivanov, AV USA."]
[Result "1/2-1/2"]
[WhiteElo "2522"]
[BlackElo "2554"]
[PlyCount "45"]
[EventDate "2008.03.28"]
[SourceDate "1999.07.01"]

1. d4 Nf6 2. c4 e6 3. Nf3 b6 4. g3 Bb7 5. Bg2 Be7 6. Nc3 Ne4 7. Bd2 O-O 8. d5
Nxc3 9. Bxc3 Bf6 10. Rc1 Bxc3+ 11. Rxc3 d6 12. dxe6 fxe6 13. O-O Qf6 14. Nd4
Bxg2 15. Kxg2 Nd7 16. Rf3 Qg6 17. Qb1 Qxb1 18. Rxb1 Rxf3 19. exf3 Kf7 20. Re1
Nf8 21. f4 a6 22. Re3 h6 23. b4 1/2-1/2

[Event "20th Festival"]
[Site "Lenk SUI"]
[Date "2008.03.24"]
[Round "7"]
[White "Stojanovic, Mih"]
[Black "Jenni, F."]
[Result "1/2-1/2"]
[WhiteElo "2555"]
[BlackElo "2531"]
[PlyCount "23"]
[EventDate "2008.03.20"]
[SourceDate "1999.07.01"]

1. d4 Nf6 2. c4 e6 3. Nf3 b6 4. g3 Ba6 5. b3 Bb4+ 6. Bd2 Be7 7. Bg2 c6 8. Bc3
d5 9. Nbd2 O-O 10. Ne5 Nfd7 11. Nxd7 Nxd7 12. O-O 1/2-1/2

[Event "IX Dos Hermanas Internet"]
[Site "ICC INT"]
[Date "2008.04.04"]
[Round "1.1"]
[White "Gormally, D."]
[Black "Almeida Quintana, O."]
[Result "1-0"]
[WhiteElo "2508"]
[BlackElo "2527"]
[PlyCount "143"]
[EventDate "2008.04.04"]
[SourceDate "1999.07.01"]

1. d4 Nf6 2. Nf3 e6 3. c4 b6 4. a3 Bb7 5. Nc3 Be7 6. d5 O-O 7. e4 d6 8. Bd3
Nbd7 9. O-O e5 10. b4 a5 11. Rb1 axb4 12. axb4 Nh5 13. Re1 Bc8 14. g3 g6 15.
Bh6 Re8 16. Bf1 Ndf6 17. Bg2 Bd7 18. c5 Ra3 19. Bd2 bxc5 20. bxc5 Qa8 21. c6
Bc8 22. Nb5 Ra7 23. Be3 Ra4 24. Nxc7 Qa5 25. Nxe8 Nxe8 26. Nd2 Nhf6 27. h3 h5
28. Qb3 Ra3 29. Qb8 Qa6 30. Rb6 Qa8 31. Qxa8 Rxa8 32. Reb1 Ra2 33. Rb8 Ba6 34.
Ra8 Kg7 35. Rb6 Nc7 36. Bf1 Nxa8 37. Rxa6 Rxa6 38. Bxa6 Bd8 39. Nc4 Ne8 40. Bb7
Nac7 41. Bb6 Kf8 42. Ba5 Ke7 43. Kf1 f5 44. f3 fxe4 45. fxe4 Nf6 46. Bb4 Nce8
47. Nxe5 Nxe4 48. Nxg6+ Kf6 49. Nf4 Nxg3+ 50. Kg2 Ne4 51. Nxh5+ Ke5 52. Ng3
Nxg3 53. Kxg3 Bc7 54. h4 Kxd5 55. h5 Kc4 56. Ba3 d5+ 57. Kg4 d4 58. h6 d3 59.
Ba6+ Kc3 60. Kf5 d2 61. Be2 Bd6 62. Bxd6 Nxd6+ 63. Ke6 Ne4 64. c7 Ng3 65. c8=Q+
Kd4 66. Qd8+ Ke3 67. Bg4 Kf2 68. Qxd2+ Kg1 69. Qe3+ Kg2 70. Qf3+ Kh2 71. Qf2+
Kh1 72. Bf3# 1-0

[Event "IX Dos Hermanas Internet"]
[Site "ICC INT"]
[Date "2008.04.04"]
[Round "2.4"]
[White "Jobava, Ba"]
[Black "Melkumyan, H."]
[Result "1-0"]
[WhiteElo "2658"]
[BlackElo "2534"]
[PlyCount "131"]
[EventDate "2008.04.04"]
[SourceDate "1999.07.01"]

1. d4 Nf6 2. c4 e6 3. Nf3 b6 4. Bg5 Bb7 5. Nc3 Be7 6. e3 h6 7. Bh4 O-O 8. Bd3
d5 9. O-O Nbd7 10. Qe2 dxc4 11. Bxc4 c5 12. Rad1 Rc8 13. dxc5 Rxc5 14. Bb5 g5
15. Bg3 Qc8 16. Bd3 Rd8 17. Na4 Ra5 18. Nc3 Qa8 19. a3 Rc8 20. Nb5 a6 21. Nd6
Bxd6 22. Bxd6 Rd5 23. Bg3 Nc5 24. Bb1 Rcd8 25. Rxd5 Bxd5 26. Rd1 Be4 27. Rxd8+
Qxd8 28. Bxe4 Nfxe4 29. Nd4 b5 30. f3 Nf6 31. Nc6 Qd7 32. Ne5 Qd5 33. e4 Qd4+
34. Qf2 Qd1+ 35. Qf1 Qc2 36. b4 Na4 37. Qd3 Qc1+ 38. Kf2 Nc3 39. Qd8+ Kg7 40.
Qd4 Qb2+ 41. Kf1 Qa1+ 42. Be1 Kg8 43. Qxc3 Qb1 44. Qd3 Qc1 45. Qc3 Qd1 46. Qd3
Qa1 47. Qc3 Qa2 48. Nc6 Nh5 49. Ne7+ Kf8 50. Nc6 Kg8 51. Ne7+ Kf8 52. Nc6 Ke8
53. Qd4 f6 54. Qd8+ Kf7 55. Qe7+ Kg6 56. Qe8+ Kg7 57. Qe7+ Kg6 58. Qe8+ Kg7 59.
Qe7+ Kg6 60. Qe8+ Kh7 61. Qxh5 Qc4+ 62. Kg1 Qxc6 63. Qf7+ Kh8 64. Qxf6+ Kh7 65.
Bc3 Kg8 66. Qg7# 1-0